The complete guide to crisis & trauma counseling : (Record no. 20084)

MARC details
000 -LEADER
fixed length control field 02343cam a2200361 a 4500
001 - CONTROL NUMBER
control field 16968892
003 - CONTROL NUMBER IDENTIFIER
control field OSt
005 - DATE AND TIME OF LATEST TRANSACTION
control field 20230317113455.0
008 - FIXED-LENGTH DATA ELEMENTS--GENERAL INFORMATION
fixed length control field 110920s2011 caua b 001 0 eng
010 ## - LIBRARY OF CONGRESS CONTROL NUMBER
LC control number 2011038520
020 ## - INTERNATIONAL STANDARD BOOK NUMBER
International Standard Book Number 0764216343
040 ## - CATALOGING SOURCE
Original cataloging agency DLC
Transcribing agency DLC
Modifying agency DLC
042 ## - AUTHENTICATION CODE
Authentication code pcc
050 00 - LIBRARY OF CONGRESS CALL NUMBER
Classification number BV4012.2
Item number .W75
100 1# - MAIN ENTRY--PERSONAL NAME
Personal name Wright, H. Norman.
245 14 - TITLE STATEMENT
Title The complete guide to crisis & trauma counseling :
Remainder of title what to do and say when it matters most! /
Statement of responsibility, etc. H. Norman Wright.
246 3# - VARYING FORM OF TITLE
Title proper/short title The complete guide to crisis and trauma counseling
250 ## - EDITION STATEMENT
Edition statement Updated & expanded.
260 ## - PUBLICATION, DISTRIBUTION, ETC. (IMPRINT)
Place of publication, distribution, etc. Ventura, Calif. :
Name of publisher, distributor, etc. Regal/From Gospel Light,
Date of publication, distribution, etc. 2011.
300 ## - PHYSICAL DESCRIPTION
Extent 458 p.
500 ## - GENERAL NOTE
General note Rev. ed. of: The new guide to crisis & trauma counseling.
504 ## - BIBLIOGRAPHY, ETC. NOTE
Bibliography, etc Includes bibliographical references and index.
505 0# - FORMATTED CONTENTS NOTE
Formatted contents note Introduction: crises: they're all around us -- Counseling from a biblical perspective -- Applications of biblical principles (part 1) -- Applications of biblical principles (part 2) -- Helping others recover from their losses in life (part 1) -- Helping others recover from their losses in life (part 2) -- Helping a grieving person recover and say goodbye -- What is a crisis? -- The phases of a crisis -- The process of crisis intervention -- When time doesn't heal all wounds -- Helping the trauma victim -- The crisis of death -- Deaths you will encounter -- The crisis of suicide -- Helping the suicidal person and his or her family -- Ministering to children at a time of loss, crisis, or trauma -- Children's crises -- Guidelines to help children in grief -- The crises of adolescence -- Helping the adolescent -- Conclusion: using Scripture and prayer and making referrals.
650 #0 - SUBJECT ADDED ENTRY--TOPICAL TERM
Topical term or geographic name as entry element Pastoral counseling.
650 #0 - SUBJECT ADDED ENTRY--TOPICAL TERM
Topical term or geographic name as entry element Crisis intervention (Mental health services)
650 #0 - SUBJECT ADDED ENTRY--TOPICAL TERM
Topical term or geographic name as entry element Psychic trauma
General subdivision Patients
-- Pastoral counseling of.
700 1# - ADDED ENTRY--PERSONAL NAME
Personal name Wright, H. Norman.
Title of a work New guide to crisis & trauma counseling.
856 42 - ELECTRONIC LOCATION AND ACCESS
Materials specified Contributor biographical information
Uniform Resource Identifier <a href="http://www.loc.gov/catdir/enhancements/fy1310/2011038520-b.html">http://www.loc.gov/catdir/enhancements/fy1310/2011038520-b.html</a>
856 42 - ELECTRONIC LOCATION AND ACCESS
Materials specified Publisher description
Uniform Resource Identifier <a href="http://www.loc.gov/catdir/enhancements/fy1310/2011038520-d.html">http://www.loc.gov/catdir/enhancements/fy1310/2011038520-d.html</a>
906 ## - LOCAL DATA ELEMENT F, LDF (RLIN)
a 7
b cbc
c orignew
d 1
e ecip
f 20
g y-gencatlg
942 ## - ADDED ENTRY ELEMENTS (KOHA)
Source of classification or shelving scheme Library of Congress Classification
Koha item type General Collection
Holdings
Withdrawn status Lost status Source of classification or shelving scheme Not for loan Home library Current library Date acquired Cost, normal purchase price Total Checkouts Full call number Barcode Date last seen Price effective from Koha item type
    Library of Congress Classification   Kabarak, Main Campus Kabarak, Main Campus 17/03/2023 3131.00   BV4012.2 .W75 2011 c.1 032490 17/03/2023 17/03/2023 General Collection
Designed with assistance from East African Informatics Ltd